| 000 | 00760nam a22002177a 4500 | ||
|---|---|---|---|
| 005 | 20170803110251.0 | ||
| 008 | 120925t xxu||||| |||| 00| 0 eng d | ||
| 010 | _aENG-105978 | ||
| 020 |
_a9788180482113 _c350.00 |
||
| 035 | _aEN-89511 | ||
| 037 | _bDBAD/PUB | ||
| 040 |
_aDPL _bEnglish |
||
| 082 | _a954.035 | ||
| 245 |
_aRe-visioning of Indian Nationalism : _cedited by Jyoti Chandra _ba historical perspective / |
||
| 260 |
_aChandigarh _bArun Publishing House _c2012 |
||
| 270 |
_aSCO 49-51, Sector 17 C _bChandigarh _e160017 _marunpublishing@gmail.com _marunpublishing@yahoo.com |
||
| 300 |
_a119 p. _c22cm(Hb) |
||
| 500 | _aIncludes bibliographical references | ||
| 700 |
_aChandra, Jyoti _952607 |
||
| 942 |
_2ddc _cEN _mCHA _h954.035 |
||
| 999 |
_c70293 _d70293 |
||